Statistics for 2023-24 FIFA MAN CITY PLAYER BY PICTURE

Click here to take the quiz!

General Stats

  • This quiz has been taken 153 times
  • The average score is 15 of 18

Answer Stats

Answer% Correct
Erling Haaland
96%
Jack Grealish
95%
Kyle Walker
95%
Phil Foden
95%
Ederson
92%
Bernardo Silva
91%
Nathan Aké
91%
Rúben Dias
91%
John Stones
88%
Julián Álvarez
86%
Rodri
85%
Jeremy Doku
83%
Joško Gvardiol
80%
Mateo Kovačić
80%
Kalvin Phillips
78%
Manuel Akanji
77%
Matheus Nunes
64%
Rico Lewis
53%

Score Distribution

Percentile by Number Answered

Percent of People with Each Score

Your Score History

You have not taken this quiz